| 000 | 00573cam a2200193 a 4500 | ||
|---|---|---|---|
| 020 | _a0673525015 | ||
| 082 | 0 | 0 |
_a327.109 _bZIE _cN-01, P-39 |
| 100 | 1 |
_aZiegler, David W. _937796 |
|
| 245 | 1 | 0 |
_aWar, peace, and international politics / _cDavid W. Ziegler. |
| 250 | _a7th ed. | ||
| 260 |
_aNew York : _bLongman, _cc1997. |
||
| 300 |
_axii, 355 p. : _bmaps ; _c24 cm. |
||
| 526 |
_a0 _b0 _c0 _d327_109000000000000_ZIE |
||
| 650 | 0 | _aInternational relations. | |
| 650 | 0 |
_aNUST _96342 |
|
| 650 | 0 |
_aPeace. _92018 |
|
| 650 | 0 |
_aWar (International law) _98463 |
|
| 942 |
_2ddc _cBK |
||
| 999 |
_c542576 _d542576 |
||